Logo

Description automatically generated
विद्यार्जन
 संसाधन केंद्र, भारतीय प्रौद्योगिकी संस्थान इन्दौर
Learning Resource Center, Indian Institute of Technology Indore

ऑनलाइन सार्वजनिक अभिगम प्रसूची
Online Public Access Catalogue (OPAC)

Synchro destiny : harnessing the infinite power of coincidence to create miracles (Record no. 57400)

MARC details
000 -LEADER
fixed length control field 00601nam a2200193Ia 4500
005 - DATE AND TIME OF LATEST TRANSACTION
control field 20260704175958.0
008 - FIXED-LENGTH DATA ELEMENTS--GENERAL INFORMATION
fixed length control field 260704s9999||||xx |||||||||||||| ||und||
020 ## - INTERNATIONAL STANDARD BOOK NUMBER
International Standard Book Number 9781844132195
Qualifying information pbk
082 ## - DEWEY DECIMAL CLASSIFICATION NUMBER
Classification number 204.4
Item number CHO
100 ## - MAIN ENTRY--PERSONAL NAME
Personal name Chopra, Deepak
245 #0 - TITLE STATEMENT
Title Synchro destiny : harnessing the infinite power of coincidence to create miracles
260 ## - PUBLICATION, DISTRIBUTION, ETC.
Place of publication, distribution, etc. London
Name of publisher, distributor, etc. Rider/Penguin Random House
Date of publication, distribution, etc. 2005
300 ## - PHYSICAL DESCRIPTION
Extent 302p. ; 20cm.
653 ## - INDEX TERM--UNCONTROLLED
Uncontrolled term Self-realization
653 ## - INDEX TERM--UNCONTROLLED
Uncontrolled term Spiritual life
653 ## - INDEX TERM--UNCONTROLLED
Uncontrolled term Success — Psychological aspects
653 ## - INDEX TERM--UNCONTROLLED
Uncontrolled term Success — Psychological aspects
942 ## - ADDED ENTRY ELEMENTS (KOHA)
Koha item type Book
Holdings
Withdrawn status Lost status Damaged status Not for loan Home library Current library Shelving location Date acquired Source of acquisition Total Checkouts Full call number Barcode Date last seen Price effective from Koha item type
        LRC, IIT Indore LRC, IIT Indore 3rd Floor - General Stack 04/07/2026 Gratis Book Price: GBP 9.99   204.4 CHO G2625 04/07/2026 04/07/2026 Book
Copyright © 2017-2026 Indian Institute of Technology Indore. All Rights Reserved.
Managed & maintained by Learning Resource Center, IIT Indore